| 000 | 00759cam a2200241 a 4500 | ||
|---|---|---|---|
| 001 | 3245716 | ||
| 005 | 20180215050551.0 | ||
| 008 | 820728s1981 enk b 001 0 eng | ||
| 010 | _a 80041226 | ||
| 015 | _aGB*** | ||
| 020 | _a0710006187 | ||
| 040 |
_aDLC _cDLC _dDLC |
||
| 041 | 1 | _aengger | |
| 080 | _a330.122 | ||
| 082 | 0 | 0 |
_a330.122 HIL _219 |
| 100 | 1 | _a52 | |
| 101 | _aEKO | ||
| 240 | 1 | 0 |
_aFinanzkapital. _lEnglish |
| 245 | 1 | 0 |
_aFinance capital : _cRudolf Hilferding ; edited with an introduction by Tom Bottomore ; from translations by Morris Watnick and Sam Gordon. |
| 504 | _aBibliography: p. [438]-444. | ||
| 906 |
_a7 _bcbc _corignew _d4 _eocip _f19 _gy-gencatlg |
||
| 942 |
_2ddc _cBK |
||
| 999 |
_c42627 _d42627 |
||